000 01568nam a22003017i 4500
999 _c23080
_d23080
003 AR-CdUCM
008 240923b20202020 pe||||| |||| 00| 0 spa d
040 _aMUNICIPALIDAD PROVINCIAL DEL CUSCO
_cBIBLIOTECA MUNICIPAL DEL CUSCO
041 _hspa
082 _a600 / D11
_bD11
110 _aDirección Desconcentrada de Cultura de Cusco
_944310
245 _aSistematización de experiencias que han recuperado e implementado conocimientos y saberes ancestrales o locales en las buenas prácticas de adaptación al cambio climático en la región Cusco /
260 _aPerú :
_bDirección Desconcentrada de Cultura de Cusco
_c2020
300 _a148 páginas. :
_c24.5 cm
500 _zBibliografía: páginas 134-139
505 _aNormas y documentos de gestión que disponen la incorporación de saberes ancestrales o locales en las prácticas de adaptación al cambio climático -- Principales desafíos en la adaptación al cambio climático en la región Cusco -- Punto de partida para la adaptación al cambio climático basada en saberes ancestrales o locales -- Experiencias de adaptación al cambio climático basadas en conocimientos ancestrales o locales.
650 _aPrecipitaciones
_950633
650 _aIncremento
_950634
650 _aNaturaleza
_94241
650 _aOrganización
_94866
650 _aPredicción climática
_950635
650 _aSistemas de labranzas
_950636
650 _aAgrobiodiversidad
_950637
650 _aAgricultura
_9320
650 _aPronóstico
_950638
942 _2ddc
_cLIBROS
945 _apbj
_d2024-09-23